| 000 | 00385nam a22001577a 4500 | ||
|---|---|---|---|
| 005 | 20180202123649.0 | ||
| 008 | 160427b xxu||||| |||| 00| 0 eng d | ||
| 020 | _a81-203-1670-3 | ||
| 041 | _aeng | ||
| 082 |
_b00362 _a004.21 |
||
| 100 |
_aHawryszkiewycz, Igor _9129 |
||
| 245 | _aSystems Analysis and Design | ||
| 260 |
_aNew Delhi _bPHI Pvt Ltd. _c2005 |
||
| 300 | _a484 | ||
| 942 | _cBK | ||
| 999 |
_c116 _d116 |
||